| 000 | 00574nam a2200193Ia 4500 | ||
|---|---|---|---|
| 005 | 20250508150701.0 | ||
| 008 | 008 250505s9999 xx 000 0 eng d | ||
| 037 | _aTextual | ||
| 040 |
_aFEDL _beng _cFEDL |
||
| 041 |
_aeng _2eng |
||
| 084 |
_a152.8, STE _qFEDL |
||
| 100 | _aStephenson William | ||
| 245 | 0 | _aTesting school children: An essay in educational and social psychology | |
| 260 |
_aLondon, UK _bLongmans, Green and Co. _c1949 |
||
| 300 | _a127p | ||
| 650 |
_aPsychometry _9441581 |
||
| 942 |
_cTEXL _h152.8, STE |
||
| 999 |
_c1325029 _d1325029 |
||